| 000 | 00573nam a2200217 a 4500 | ||
|---|---|---|---|
| 001 | 12724 | ||
| 003 | BD-JhCC | ||
| 005 | 20230509085717.0 | ||
| 008 | 230509s20001993uk |||| |||| 000 0 eng d | ||
| 020 | _a9780141185064 | ||
| 035 | _a(BD-JhCC)12724 | ||
| 040 |
_aBD-JhCC _dBD-JhCC |
||
| 041 | _aeng | ||
| 082 |
_a813.09 _bSTE 2000 |
||
| 100 | _aSteinbeck, John | ||
| 245 |
_aThe grapes of wrath / _cJohn Steinbeck |
||
| 260 |
_aLondon : _bPenguine Modern Classic, _c2000 |
||
| 300 |
_a476 p . : _c21 cm. |
||
| 650 | _aGrapes of wrath (Steinbeck, John) | ||
| 942 |
_2ddc _cBK |
||
| 999 |
_c12724 _d12724 |
||